000 00483nam a22001937a 4500
005 20250519151113.0
008 250519b |||||||| |||| 00| 0 eng d
020 _a9780195689099
040 _aILCL
_cILCL
041 _2eng
_aeng
084 _aX:54 P9
_qILCL
100 _aJoshi, Rakesh Mohan
_9808945
245 _aInternational Business
250 _a1
260 _aNew Delhi
_bOxford University Press
_c2009
300 _axx,912p.
365 _aINR
942 _2CC
_cTB
_n0
999 _c1428822
_d1428822